| 000 | 01501nam0a2200289 4500 | ||
|---|---|---|---|
| 001 | RU\NLR\bibl\1441482 | ||
| 005 | 20260409063508.0 | ||
| 010 |
_a978-5-406-00395-4 _97000 |
||
| 021 |
_aRU _b2009-79301 _94973 |
||
| 035 | _a(NLR Aleph) 001433334 | ||
| 090 |
_a1416596 _c1416596 |
||
| 100 | _a20091120d2009 |||y0rusy50 ca | ||
| 101 | 0 | _arus | |
| 102 | _aRU | ||
| 105 | _ay ||||||||| | ||
| 200 | 1 |
_aЖилищный кодекс Российской Федерации _eпо состоянию на 1 октября 2009 г. _e[принят Государственной Думой 22 декабря 2004 года _eодобрен Советом Федерации 24 декабря 2004 года _eизменения: Федеральный закон от 32 декабря 2005 г. № 199-Ф3 [и др.]] |
|
| 210 |
_aМосква _cПроспект _cКнорус _d2009 |
||
| 215 |
_a94, [1] с. _d20 |
||
| 604 |
_171001$aРоссийская Федерация _150011$aЖилищный кодекс$2nlr_sh2$3RU\NLR\AUTH\661259622 _aРоссийская Федерация _tЖилищный кодекс _92083558 _3RU\NLR\AUTH\661259622 |
||
| 686 | _aХ623.211.33-324.9(2Р) | ||
| 740 | 1 |
_aРоссийская Федерация _tЗаконы _iЖилищный кодекс _3RU\NLR\AUTH\880379479 _9425342 |
|
| 801 | 0 |
_aRU _bNLR _c20091120 _gRCR |
|
| 801 | 1 |
_aRU _bNLR _c20091120 |
|
| 942 | _cBOOK | ||
| 980 | _aNB | ||